书目信息 |
| 题名: |
青藏高原隆升与环境效应
|
|
| 作者: | 郑度 , 姚檀栋 著 | |
| 分册: | ||
| 出版信息: | 北京 科学出版社 2004 |
|
| 页数: | 564页 | |
| 开本: | 26cm | |
| 丛书名: | ||
| 单 册: | ||
| 中图分类: | P548.27 | |
| 科图分类: | ||
| 主题词: | 地球动力学 , 环境效应 | |
| 电子资源: | ||
| ISBN: | 7-03-014581-X | |
| 000 | 01146nam0 2200301 450 | |
| 000 | 01153nam0 2200301 450 | |
| 000 | 01083nam0 2200277 450 | |
| 000 | 01047nam0 2200265 45 | |
| 005 | 20070527141434.53 | |
| 010 | @a7-03-014581-X@b精装@dCNY120.00 | |
| 100 | @a20070419d2004 em y0chiy0120 ea | |
| 101 | 0 | @achi |
| 102 | @aCN@b110000 | |
| 105 | @aa z 000yy | |
| 200 | 1 | @a青藏高原隆升与环境效应@AQing Zang Gao Yuan Long Sheng Yu Huan Jing Xiao Ying@f郑度,姚檀栋等著@FZheng Du, Yao Tan Dong Deng Zhu |
| 210 | @a北京@c科学出版社@d2004 | |
| 215 | @a564页@c图@d26cm | |
| 300 | @a国家重点基础研究发展规划项目 (G1998040800) | |
| 330 | @a本书在大量原始数据和资料的基础上,通过加强学科交叉和综合研究,总结了印度大陆与欧亚大陆初始碰撞时限、青藏高原南北缘山盆岩石圈尺度的构造关系等内容。 | |
| 510 | 1 | @aUplifting of Tibetan Plateau with Its Environmental Effects@zeng |
| 606 | 0 | @a地球动力学 |
| 606 | 0 | @a环境效应 |
| 607 | @a青藏高原@x地球动力学@x关系@x环境效应@x研究 | |
| 690 | @aP548.27@v4 | |
| 701 | 0 | @a郑度@AZheng Du@4著 |
| 701 | 0 | @a姚檀栋@AYao Tan Dong@4著 |
| 801 | 0 | @aCN@bTAOJIN@c20070527 |
| 905 | @a10447@dP548.27@e97 | |
| 青藏高原隆升与环境效应/郑度,姚檀栋等著.-北京:科学出版社,2004 |
| 564页:图;26cm |
| 国家重点基础研究发展规划项目 (G1998040800) |
| ISBN 7-03-014581-X(精装):CNY120.00 |
| 本书在大量原始数据和资料的基础上,通过加强学科交叉和综合研究,总结了印度大陆与欧亚大陆初始碰撞时限、青藏高原南北缘山盆岩石圈尺度的构造关系等内容。 |
| ● |
| 相关链接 |
|
|
|
|
正题名:青藏高原隆升与环境效应
索取号:P548.27/97
 
预约/预借
| 序号 | 登录号 | 条形码 | 馆藏地/架位号 | 状态 | 备注 |
| 1 | 0522914 | 205229144 | 第二样本阅览室/ [索取号:P548.27/97] | 在馆 | |
| 2 | 0522915 | 205229153 | 第三借阅区/ [索取号:P548.27/97] | 在馆 | |
| 3 | 0522916 | 205229162 | 第三借阅区/ [索取号:P548.27/97] | 在馆 |